00757nam a2200205 i 4500001000700000003000900007005001700016007000300033008004100036100003200077245011700109250001500226260003500241300003300276600004000309700002900349852003200378999001900410952012200429101448ES-MaACL20230906182918.0t|051018s1963 sp ||||1| spa d1 aMazzucchelli, Mario.97950813aLa monja de Monza (Sor Virginia María de Leyva) / cMario Mazzucchelli; [traducción... por Enrique de Juan]. a[1ª ed.]. aBarcelona : bPlaneta, c1963. a418 p., 12 lám. ; c22 cm.14aLeiva, Virginia María de.91637011 aJuan, Enrique de.967090 aES-MaACLjC-26536 bR.52728 c101448d101448 00104070aATENEOMbATENEOMcDEPO2d2008-01-17eSCl0oC-26536p1105915r2023-02-23 00:00:00w2023-02-23yMONOGRAFIA